[Event "London Aaronson Open"]
[Site "London"]
[Date "1978.??.??"]
[Round "1"]
[White "Kristiansen, Tor"]
[Black "Mestel, A Jonathan"]
[Result "0-1"]
[WhiteElo "2320"]
[BlackElo "2450"]
[PlyCount "88"]
[EventDate "1978.03.23"]
[EventType "swiss"]
[EventRounds "10"]
[EventCountry "ENG"]
[SourceTitle "MCD"]
[Source "ChessBase"]
[SourceDate "1999.07.01"]
[SourceVersion "1"]
[SourceVersionDate "1999.07.01"]
[SourceQuality "1"]

1. c4 g6 2. Nc3 Bg7 3. g3 e5 4. Bg2 f5 5. e3 Nf6 6. Nge2 0-0 7. b4 d6 8. 0-0 Kh8 9. d3 c6 10. Rb1 Nbd7 11. b5 c5 12. Bd2 Qe7 13. a4 Qf7 14. a5 e4 15. dxe4 fxe4 16. Nxe4 Nxe4 17. Bxe4 Qxc4 18. Bg2 Ne5 19. Nf4 Bg4 20. Qb3 Qxb3 21. Rxb3 Nf3+ 22. Bxf3 Bxf3 23. Bc3 Rfe8 24. Bxg7+ Kxg7 25. Rb2 g5 26. Ne2 Re4 27. Nc3 Rc4 28. Rc1 d5 29. Rbc2 b6 30. Nb1 Rb4 31. Nd2 Be2 32. Ra2 Rf8 33. axb6 axb6 34. Rb1 Rxb1+ 35. Nxb1 Bc4 36. Ra6 Rf6 37. Nc3 g4 38. Ra7+ Rf7 39. Rxf7+ Kxf7 40. f4 d4 41. exd4 cxd4 42. Na4 Bxb5 43. Nxb6 d3 44. Kf2 d2 0-1